Southville International School and Colleges
Your cart is empty.
  • Cart
  • Lists
    Public lists Eva Luna New books Lux_list list_1
    Your lists Log in to create your own lists
  • Log in to your account
  • Your cookies
  • Search history
Southville International School and Colleges
  • Advanced search
  • Recent comments
  • Most popular
  • Libraries

Log in to your account

Log in with GOOGLE


If you do not have an external account, but do have a local account, you can still log in:

  1. Home
  2. MARC view: Partisans /
Normal view MARC view ISBD view

Partisans / (Record no. 11322)

[ view plain ]
MARC details
000 -LEADER
fixed length control field 00798cam a2200277 a 4500
001 - CONTROL NUMBER
control field 4245039
003 - CONTROL NUMBER IDENTIFIER
control field OSt
005 - DATE AND TIME OF LATEST TRANSACTION
control field 20140310182249.0
008 - FIXED-LENGTH DATA ELEMENTS--GENERAL INFORMATION
fixed length control field 830331s1982 enk 000 0 eng
010 ## - LIBRARY OF CONGRESS CONTROL NUMBER
LC control number 83111713
020 ## - INTERNATIONAL STANDARD BOOK NUMBER
International Standard Book Number 0002226901 :
Terms of availability £7.50
040 ## - CATALOGING SOURCE
Original cataloging agency DLC
Transcribing agency DLC
Modifying agency DLC
050 00 - LIBRARY OF CONGRESS CALL NUMBER
Classification number PR 6063
Item number M163 1982
082 00 - DEWEY DECIMAL CLASSIFICATION NUMBER
Classification number FIC M22p
Item number 1982
100 1# - MAIN ENTRY--PERSONAL NAME
Personal name MacLean, Alistair,
Dates associated with a name 1922-1987.
9 (RLIN) 19800
245 10 - TITLE STATEMENT
Title Partisans /
Statement of responsibility, etc Alistair MacLean.
260 ## - PUBLICATION, DISTRIBUTION, ETC. (IMPRINT)
Place of publication, distribution, etc London :
Name of publisher, distributor, etc Collins,
Date of publication, distribution, etc 1982.
300 ## - PHYSICAL DESCRIPTION
Extent 224 p. ;
Dimensions 22 cm.
521 ## - TARGET AUDIENCE NOTE
Target audience note
Source Lexile
526 ## - STUDY PROGRAM INFORMATION NOTE
Reading level 0L to 1700L
541 ## - IMMEDIATE SOURCE OF ACQUISITION NOTE
-- 1
650 #0 - SUBJECT ADDED ENTRY--TOPICAL TERM
Topical term or geographic name as entry element World War, 1939-1945
General subdivision Fiction.
9 (RLIN) 19801
655 #7 - INDEX TERM--GENRE/FORM
Genre/form data or focus term War stories.
Source of term gsafd
9 (RLIN) 4878
906 ## - LOCAL DATA ELEMENT F, LDF (RLIN)
a 7
b cbc
c orignew
d 2
e ncip
f 19
g y-gencatlg
942 ## - ADDED ENTRY ELEMENTS (KOHA)
Source of classification or shelving scheme Library of Congress Classification
Koha item type
Call number prefix
Holdings
Withdrawn status Lost status Source of classification or shelving scheme Damaged status Home library Current library Shelving location Date acquired Total Checkouts Full call number Barcode Date last seen Copy number Price effective from Koha item type
    Library of Congress Classification   Luxembourg Library Luxembourg Library Fiction Section 09/14/2013   PR 6063 .M163 1982 9804 09/14/2013 1 09/14/2013 Books

Partisans /

APA

MacLean A., . (1982). Partisans. London: Collins.

Chicago

MacLean Alistair, . 1982. Partisans. London: Collins.

Harvard

MacLean A., . (1982). Partisans. London: Collins.

MLA

MacLean Alistair, . Partisans. London: Collins. 1982.

  • Place hold
  • Print
  • Cite
  • Add to your cart (remove)
  • Save record
    BIBTEX Dublin Core MARCXML MARC (non-Unicode/MARC-8) MARC (Unicode/UTF-8) MARC (Unicode/UTF-8, Standard) MODS (XML) RIS
  • More searches
    Search for this title in:
    Other Libraries (WorldCat) Other Databases (Google Scholar) Online Stores (Bookfinder.com) Open Library (openlibrary.org)

Exporting to Dublin Core...

SOUTHVILLE LIBRARY

Southville International School and Colleges Library

1281 Tropical Ave. Cor. Luxembourg St., BF Homes International, Las Pinas City

Tel. No. 8256374 / 252358 Loc. 117/146

Powered by Koha